000 00750nam a2200193Ii 4500
003 JO-AjNU
008 230605s9999||||xx |||||||||||||| ||und||
040 _aJO-AjNU
_bara
_erda
_cJO-AjNU
041 _aara
050 1 4 _aBP135.A122 1965
100 3 _aهارون، عبد السلام محمد,
_eauthor
_910066
245 0 0 _aالألف المختارة من صحيح البخاري، ج7
264 3 1 _aمصر: دار المعارف، 1965
300 _aج7، 168ص
336 _atext
_btxt
_2rdacontent
337 _aunmediated
_bn
_2rdamedia
338 _avolume
_bnc
_2rdacarrier
650 4 _aصحيح البخاري - الحديث - الكتب السنه - البخاري، محمد بن اسماعيل بن ابراهيم 194-256 هجري
_910067
999 _aA1619
_c5187
_d5187